000
00332nam a22001337a 4500
008
170627b xxu||||| |||| 00| 0 eng d
020
_a
031269892217
041
_a
eng
080
_a
05
100
_a
21
101
_a
GJL
245
_a
A WORLD OF IDEALS ESSENTIAL EWADINGS COLLEGE WRITERS
_c
JACOBUS.L.A
942
_2
udc
_c
BK
999
_c
19291
_d
19291